Substituent position-driven reaction pathways in the heterogeneous one-pot reduction/asymmetric hydrogenation of nitro-substituted (E)-2,3-diphenylpropenoic acids over Pd catalyst

Elmentve itt :
Bibliográfiai részletek
Szerzők: Szőllősi György
Bartók Mihály
Dokumentumtípus: Cikk
Megjelent: 2012
Sorozat:ARKIVOC
doi:10.3998/ark.5550190.0013.503

mtmt:1843708
Online Access:http://publicatio.bibl.u-szeged.hu/2554
LEADER 00810nab a2200205 i 4500
001 publ2554
005 20200303135619.0
008 130220s2012 hu o 0|| zxx d
022 |a 1551-7004 
024 7 |a 10.3998/ark.5550190.0013.503  |2 doi 
024 7 |a 1843708  |2 mtmt 
040 |a SZTE Publicatio Repozitórium  |b hun 
041 |a zxx 
100 1 |a Szőllősi György 
245 1 0 |a Substituent position-driven reaction pathways in the heterogeneous one-pot reduction/asymmetric hydrogenation of nitro-substituted (E)-2,3-diphenylpropenoic acids over Pd catalyst  |h [elektronikus dokumentum] /  |c  Szőllősi György 
260 |c 2012 
300 |a 16-27 
490 0 |a ARKIVOC 
700 0 1 |a Bartók Mihály  |e aut 
856 4 0 |u http://publicatio.bibl.u-szeged.hu/2554/1/1843708_Arkivoc%28v%29%282012%2916.pdf  |z Dokumentum-elérés